| 000 | 01664nam a22004217a 4500 | ||
|---|---|---|---|
| 003 | CHAP | ||
| 005 | 20220329143506.0 | ||
| 008 | 100203s2009 mx a r 00010 spa d | ||
| 010 | _a97466 | ||
| 011 | _a98438 | ||
| 035 | _a109123 | ||
| 040 | _cCHAP | ||
| 090 | _aTesis | ||
| 100 | 1 |
_aVásquez Bautista, Nehemías. _9120225 |
|
| 245 | 1 | 0 |
_aImportancia ecosistémica de los aportes de materia orgánica al suelo en comunidades vegetales secundarias en laderas de Teapa, Tabasco _c/por Nehemías Vásquez Bautista |
| 260 |
_aTeapa, Tabasco. : _bEl autor, _c2009 |
||
| 300 |
_aviii, 76 h. : _bilus., cuadros, gráfs. |
||
| 502 | _aTesis (Ing. Agr. Esp. en Zonas Tropicales) -- UACH. Centro Regional Universitario del Sureste | ||
| 530 | _aTambién disponible en línea | ||
| 590 |
_aALEPH _b10 _c20130110 _lUCH01 _h1531 |
||
| 590 |
_aBATCH-UPD _b10 _c20130110 _lUCH01 _h1457 |
||
| 590 |
_aBATCH-UPD _b10 _c20130410 _lUCH01 _h0921 |
||
| 590 |
_aBATCH-UPD _b10 _c20130914 _lUCH01 _h1026 |
||
| 590 |
_aBATCH-UPD _b10 _c20140324 _lUCH01 _h1514 |
||
| 590 |
_aBATCH-UPD _b10 _c20141002 _lUCH01 _h0841 |
||
| 590 |
_aCONVERSION _b10 _c20130109 _lUCH01 _h1354 |
||
| 650 | 1 | 4 |
_aComunidades vegetales. _926256 |
| 650 | 1 | 4 |
_aEcosistema. _935290 |
| 650 | 1 | 4 |
_aLaderas. _964360 |
| 650 | 1 | 4 |
_aMateria orgánica. _972931 |
| 650 | 1 | 4 |
_aSuelos tropicales. _9110563 |
| 650 | 1 | 4 |
_aVegetación secundaria. _9118328 |
| 856 |
_3Finding aid _uhttp://10.13.5.2/tesis/109123.pdf _zTeclea aqui |
||
| 901 | _aBK | ||
| 942 | _cFOLL | ||
| 949 |
_aTesis _bBC _cTES _d33724002131223 _eTS1 _gDonaciØn _h49961 _i109123 _sb |
||
| 949 |
_aTesis _bBC _cTES _d33724002131264 _eTS2 _fc.2 _gDonaciØn _h49962 _i109123 _sb |
||
| 999 |
_c97466 _d97466 |
||